MARKI WODY - Statystyki

Ogólne statystyki
  • Ten quiz został rozwiązany 49 razy
  • Średni wynik to 5 z 15
Statystyki odpowiedzi
Odpowiedź % Poprawnych
żywiec zdrój
89%
cisowianka
78%
nałęczowianka
73%
muszynianka
62%
polaris
51%
kropla beskidu
30%
muszyna
22%
oaza
19%
piwniczanka
16%
jurajska
14%
kinga pienińska
14%
ustronianka
8%
evian
5%
staropolanka
5%
magnesia
3%
Nie znaleziono quizów pasujących do podanych kryteriów
Rozkład punktacji
Procent ludzi z każdym wynikiem
Percentyl według liczby udzielonych odpowiedzi
Twoja historia wyników
Nie rozwiązałeś tego quizu